000 00878nam a22003137a 4500
001 BR0701378
003 BR-BrBNA
005 20230928102346.0
007 ta
008 230509b bl.||||| |||| 00| 0 por d
040 _aBR-BrBNA
_bpor
_cBiblioteca Nacional de Agricultura
041 _a(Por)
072 _aP10; E14; P01
090 _ P10 BR0701378
100 1 _aSantos, M. de M.(coord.)
110 1 _aCentro de Gestão e Estudos Estratégicos, Brasília, DF (Brasil)
_91515
245 1 _aProspecção tecnológica em recursos hídricos
260 3 _aBrasília, DF (Brasil):
_c2005.
300 _a100 p.
650 _aRECURSO HÍDRICO
650 _aRECURSO NATURAL
650 _aMANANCIAL
650 _aQUALIDADE DA ÁGUA
650 _aCLIMA
650 _aSANEAMENTO RURAL
650 _aPLANEJAMENTO
909 _a202309
_bLucia
_c55
_dLucia Elande
942 _cBK
999 _c70369
_d70369